Skylanders Chapters - Statistics

General Stats
  • This quiz has been taken 32 times
  • The average score is 40 of 121
Answer Stats
Hint Answer % Correct
SA Creepy Citadel
82%
SA Cadaverous Crypt
73%
SA Shattered Island
73%
I The Lair of Kaos
73%
SA Crystal Eye Castle
64%
SA Darklight Crypt
64%
SA Dragon’s Peak
64%
SA Empire of Ice
64%
SA Lair of Kaos
64%
SA Stormy Stronghold
64%
SA Arkeyan Armory
55%
SA Battlefield
55%
SA Goo Factory
55%
G Kaos’ Kastle
55%
SA Lava Lakes Railway
55%
SA Leviathan Lagoon
55%
I Mushroom River
55%
SA Oilspill Island
55%
SA Perilous Pastures
55%
SA Pirate Seas
55%
G Secret Vault of Secrets
55%
G Wilikin Village
55%
TT Chompy Mountain
45%
SA Dark Water Cove
45%
G Junkyard Isles
45%
TT Midnight Museum
45%
SA Molekin Mine
45%
TT Monster Marsh
45%
SA Quicksilver Vault
45%
SA Sky Schooner Docks
45%
SA Stonetown
45%
G Time of the Giants
45%
TT Time Town
45%
G Troll Home Security
45%
SA Troll Warehouse
45%
I Abandoned Amusement Park
36%
I Cradle of Creation
36%
G Cutthroat Carnival
36%
SA Falling Forest
36%
TT Know-It-All Island
36%
I Lost Imaginite Mines
36%
TT Mirror of Mystery
36%
G Molekin Mountain
36%
SF Motleyville
36%
SF Mount Cloudbreak
36%
TT Mystic Mill
36%
TT Nightmare Express
36%
TT Operation: Troll Rocket Steal
36%
TT Rainfish Riviera
36%
G Rumbletown
36%
I Scholarville
36%
SF Sheep Wreck Island
36%
TT Soda Springs
36%
TT Sunscraper Spire
36%
TT Telescope Towers
36%
TT The Future of Skylands
36%
TT The Golden Desert
36%
G The Oracle
36%
I Thumpin’ Wumpa Islands
36%
SA Treetop Terrace
36%
TT Wilikin Workshop
36%
SF Winter Keep
36%
TT Chef Zeppelin
27%
SA Crawling Catacombs
27%
I Enchanted Elven Forest
27%
I Fizzland
27%
I Gryphon Park Observatory
27%
TT Lair of the Golden Queen
27%
SF Motherly Mayhem
27%
SF Rampant Ruins
27%
TT Secret Sewers of Supreme Stink
27%
I Sensei Air Realm
27%
I Sensei Dark Realm
27%
I Sensei Earth Realm
27%
I Sensei Fire Realm
27%
I Sensei Life Realm
27%
I Sensei Light Realm
27%
I Sensei Magic Realm
27%
I Sensei Tech Realm
27%
I Sensei Undead Realm
27%
I Sensei Water Realm
27%
TT Skyhighlands
27%
I The Golden Arcade
27%
SC The Sky Eater
27%
TT The Ultimate Weapon
27%
SF Tower of Time
27%
G Aerial Attack!
18%
G Autogyro Adventure
18%
SC Battlebrawl Island
18%
SF Boney Islands
18%
I Cursed Tiki Temple
18%
I Dragon Temple
18%
SF Fantasm Forest
18%
SF Frostfest Mountains
18%
SC Gadfly Glades
18%
G Glacier Gully
18%
SF Iron Jaw Gulch
18%
G Lost City of Arkus
18%
SF Mesmerelda’s Show
18%
TT Phoenix Psanctuary
18%
I Shellmont Shores
18%
SC Spell Punk Library
18%
SC The Cloud Kingdom
18%
SC The Rift to Skylands
18%
SF Twisty Tunnels
18%
SC Vault of the Ancients
18%
G Bringing Order to Kaos!
9%
G Drill-X’s Big Rig
9%
SF Jungle Rumble
9%
SF Kaos’ Fortess
9%
SC Land of the Undead
9%
SC Monstrous Isles
9%
SF Mudwater Hallow
9%
SF Serpent’s Peak
9%
SC The Bandit Train
9%
SC The Cloudbreather’s Crag
9%
SC Cap’n Cluck’s Chicken HQ
0%
SF Cascade Glade
0%
SF Cloudbreak Core
0%
SC Ridepocalypse Demo Derby
0%
I Sky Fortress
0%
No matching quizzes found
Score Distribution
Percent of People with Each Score
Percentile by Number Answered
Your Score History
You have not taken this quiz